[Event "European Online CC PlayB"]
[Site "Tornelo INT"]
[Date "2021.03.29"]
[Round "2.3"]
[Board "4"]
[White "Safarli, Eltaj"]
[Black "Navara, David"]
[Result "1/2-1/2"]
[WhiteTitle "GM"]
[BlackTitle "GM"]
[WhiteElo "2598"]
[BlackElo "2697"]
[WhiteTeam "Odlar Yurdu"]
[BlackTeam "Novy Bor"]
[WhiteFideId "13402129"]
[BlackFideId "309095"]
[EventDate "2021.03.29"]
[EventType "team"]

1. e4 c6 2. Nf3 d5 3. exd5 cxd5 4. Ne5 Nc6 5. d4 Nf6 6. Bb5 Bd7 7. Nxd7 Qxd7 8.
c3 e6 9. O-O Bd6 10. Nd2 O-O 11. Re1 Rad8 12. Bd3 e5 13. dxe5 Nxe5 14. Nf3 Nxf3+
15. Qxf3 Qg4 16. Qxg4 Nxg4 17. Bf5 h5 18. h3 Ne5 19. Bg5 f6 20. Be3 Bb8 21. Be6+
Kh7 22. Rad1 Nc4 23. Rxd5 Nxe3 24. Rxe3 Rxd5 25. Bxd5 Rd8 26. Rd3 Kh6 27. Kf1
Be5 28. Ke2 b6 29. g3 g5 30. Be4 Rxd3 31. Kxd3 g4 32. h4 a5 33. a3 Bd6 34. b4
axb4 35. cxb4 Be5 36. a4 Bd6 37. Kc4 Be5 38. a5 bxa5 39. bxa5 Bb8 40. a6 Ba7 41.
Kd5 Bxf2 42. Kc6 f5 43. Bxf5 Kg7 44. Kb7 Kf6 45. Bxg4 hxg4 46. a7 Bxa7 47. Kxa7
Ke7 48. Kb6 Kd6 49. Kb5 Kd5 50. Kb4 Kd4 51. Kb3 Kd5 52. Ka4 Ke4 53. Ka3 Ke5 54.
Kb2 Kd4 55. Kc2 Ke4 56. Kd1 Kd5 57. Ke1 Ke5 58. Kd2 Kd4 59. Kd1 Kd5 60. Kc2 Ke4
61. Kb3 Kd5 62. Kb4 Kd4 63. Ka5 Ke5 64. Ka6 Ke6 65. Kb6 Kd6 66. Kb7 Kd7 67. Ka8
Ke8 68. Ka7 Ke7 69. Ka6 Ke6 70. Ka5 Ke5 71. Ka4 Ke4 72. Ka3 Ke5 73. Ka2 Ke4 74.
Kb1 Kd5 75. Kc1 Ke5 76. Kd1 Kd5 1/2-1/2

[Event "European Online CC PlayB"]
[Site "Tornelo INT"]
[Date "2021.03.29"]
[Round "3.1"]
[Board "1"]
[White "Mamedyarov, Shakhriyar"]
[Black "Bluebaum, Matthias"]
[Result "1-0"]
[WhiteTitle "GM"]
[BlackTitle "GM"]
[WhiteElo "2770"]
[BlackElo "2670"]
[WhiteTeam "Odlar Yurdu"]
[BlackTeam "SF Deizisau e.V."]
[WhiteFideId "13401319"]
[BlackFideId "24651516"]
[EventDate "2021.03.29"]
[EventType "team"]

1. d4 d5 2. c4 e6 3. Nf3 Nf6 4. Nc3 Bb4 5. Qa4+ Nc6 6. Bg5 dxc4 7. a3 Bxc3+ 8.
bxc3 Qd5 9. Bxf6 gxf6 10. Qc2 f5 11. g3 b6 12. Bg2 Bb7 13. O-O Na5 14. Nh4 Qd7
15. Bxb7 Nxb7 16. e4 fxe4 17. Qxe4 O-O-O 18. Rfe1 Rhg8 19. Qxh7 Nd6 20. Qc2 Qc6
21. Re5 Rg4 22. Rae1 Rh8 23. Ng2 Rg7 24. h4 Kb8 25. Qd1 a5 26. d5 exd5 27. Qxd5
Qxd5 28. Rxd5 a4 29. h5 Kb7 30. Nf4 Kc6 31. Kg2 Rg4 32. Rde5 Nb5 33. Kf3 Rgg8
34. g4 Ra8 35. Rxb5 Kxb5 36. Re7 c5 37. Rxf7 Ka5 38. g5 b5 39. Rf5 Kb6 40. g6
Rag8 41. Nd5+ Kb7 42. Rf7+ Ka6 43. Kg4 b4 44. cxb4 cxb4 45. Nxb4+ Kb5 46. Rf5+
Kb6 47. Kg5 Rd8 48. g7 Rhg8 49. h6 c3 50. Kg6 Rd6+ 51. Rf6 1-0

[Event "European Online CC PlayB"]
[Site "Tornelo INT"]
[Date "2021.03.29"]
[Round "3.1"]
[Board "2"]
[White "Donchenko, Alexander"]
[Black "Abasov, Nijat"]
[Result "1/2-1/2"]
[WhiteTitle "GM"]
[BlackTitle "GM"]
[WhiteElo "2659"]
[BlackElo "2664"]
[WhiteTeam "SF Deizisau e.V."]
[BlackTeam "Odlar Yurdu"]
[WhiteFideId "24603295"]
[BlackFideId "13402960"]
[EventDate "2021.03.29"]
[EventType "team"]

1. d4 Nf6 2. c4 e6 3. g3 d5 4. Bg2 Be7 5. Nf3 O-O 6. O-O dxc4 7. Qc2 a6 8. a4 c5
9. dxc5 Bxc5 10. Qxc4 Nbd7 11. Nc3 b5 12. Qd3 Bb7 13. axb5 axb5 14. Rxa8 Qxa8
15. Qxb5 Ba6 16. Qa4 Qa7 17. Bg5 Qb6 18. Bxf6 Nxf6 19. Ne5 Qxb2 20. Qxa6 Qxc3
21. Nd3 Qa3 22. Qc6 Bd6 23. Rb1 h6 24. Bf3 Rb8 25. Rxb8+ Bxb8 26. Qc8+ Qf8 27.
Qxf8+ Kxf8 28. Nc5 Ke7 29. Ne4 Nxe4 30. Bxe4 f5 31. Bd3 g5 32. Kg2 Kf6 33. e3 1/2-1/2

[Event "European Online CC PlayB"]
[Site "Tornelo INT"]
[Date "2021.03.29"]
[Round "3.1"]
[Board "4"]
[White "Keymer, Vincent"]
[Black "Safarli, Eltaj"]
[Result "1/2-1/2"]
[WhiteTitle "GM"]
[BlackTitle "GM"]
[WhiteElo "2591"]
[BlackElo "2598"]
[WhiteTeam "SF Deizisau e.V."]
[BlackTeam "Odlar Yurdu"]
[WhiteFideId "12940690"]
[BlackFideId "13402129"]
[EventDate "2021.03.29"]
[EventType "team"]

1. d4 Nf6 2. c4 e6 3. Nf3 d5 4. Nc3 Be7 5. Bf4 O-O 6. e3 Nbd7 7. a3 c5 8. cxd5
Nxd5 9. Nxd5 exd5 10. dxc5 Nxc5 11. Be5 Bf6 12. Bxf6 Qxf6 13. Qd4 Qxd4 14. Nxd4
Bd7 15. g3 Rac8 16. Bg2 Ne6 17. Rd1 Nxd4 18. Rxd4 Rc2 19. Rd2 Rfc8 20. Bxd5 Bg4
21. f3 Rc1+ 22. Rd1 Rxd1+ 23. Kxd1 Rd8 24. fxg4 Rxd5+ 25. Ke2 Kf8 26. Rc1 Rb5
27. b4 Rb6 28. Rc7 Ra6 29. Rc3 Ke7 30. Kd3 Kd7 31. Ke4 Re6+ 32. Kf3 Rf6+ 33. Ke2
Ra6 34. h4 h6 35. Rd3+ Ke7 36. h5 Rc6 37. e4 Rc2+ 38. Ke3 Ke6 39. Kf4 Rf2+ 40.
Rf3 Re2 41. Rc3 Rf2+ 42. Ke3 Ra2 43. Kf3 Ra1 44. g5 hxg5 45. Kg4 Re1 46. Kxg5
Rxe4 47. Rc7 Re3 48. g4 Rxa3 49. Rxb7 a5 50. Rb6+ Ke7 51. Rb7+ Ke6 52. Rb6+ Ke7
53. Rb7+ Ke6 54. Rb6+ 1/2-1/2

[Event "European Online CC PlayB"]
[Site "Tornelo INT"]
[Date "2021.03.29"]
[Round "3.2"]
[Board "1"]
[White "Kryvoruchko, Yuriy"]
[Black "Harikrishna, Pentala"]
[Result "1-0"]
[WhiteTitle "GM"]
[BlackTitle "GM"]
[WhiteElo "2699"]
[BlackElo "2730"]
[WhiteTeam "Greco-Notary Chess Team"]
[BlackTeam "Novy Bor"]
[WhiteFideId "14109182"]
[BlackFideId "5007003"]
[EventDate "2021.03.29"]
[EventType "team"]

1. e4 e5 2. Nf3 Nc6 3. Bb5 a6 4. Ba4 Nf6 5. O-O Be7 6. d3 b5 7. Bb3 d6 8. a4 b4
9. Nbd2 O-O 10. a5 Rb8 11. Nc4 Be6 12. c3 h6 13. Be3 Qc8 14. h3 Qb7 15. Nfd2 d5
16. exd5 Bxd5 17. f3 Rfd8 18. Qe2 Be6 19. Ba4 Rd5 20. Ne4 Rbd8 21. Rfd1 Nd7 22.
f4 exf4 23. Bxf4 Nxa5 24. Bxd7 R8xd7 25. Ne3 Nb3 26. Nxd5 Qxd5 27. Rxa6 Bf5 28.
Nf2 Bh4 29. Qe5 Qxe5 30. Bxe5 bxc3 31. bxc3 Bxf2+ 32. Kxf2 Nc5 33. Ra8+ Kh7 34.
d4 Ne4+ 35. Kg1 Nxc3 36. Rf1 Bd3 37. Re1 f6 38. Ra3 Ne2+ 39. Kf2 fxe5 40. Rxd3
Nf4 41. Rf3 Rxd4 42. Kf1 Nd3 43. Ree3 e4 44. Rf7 Nc5 45. Rxc7 Rd5 46. Re7 Rf5+
47. Kg1 Kg8 48. Rg3 Rf7 49. Re5 Nd7 50. Rxe4 Nf6 51. Ra4 Kh7 52. Rga3 Rb7 53.
Ra7 Rb1+ 54. Kh2 Rd1 55. Rg3 Nd7 56. Re3 Nf6 57. Ree7 Kg6 58. Rxg7+ Kf5 59. Rg3
Ne4 60. Rf3+ Kg6 61. Ra6+ Kg5 62. Re3 Nd2 63. Rg3+ Kf5 64. Rg8 Nf1+ 65. Kg1 Ng3+
66. Kf2 Ne4+ 67. Ke2 Nc3+ 68. Kf3 Rd3+ 69. Kf2 Ne4+ 70. Ke2 Rb3 71. Rxh6 Ng3+
72. Rxg3 Rxg3 73. Kf2 Ra3 74. Kg1 Kg5 75. Rb6 Kh4 76. Rb4+ Kg5 77. Kh2 1-0

[Event "European Online CC PlayB"]
[Site "Tornelo INT"]
[Date "2021.03.29"]
[Round "3.2"]
[Board "2"]
[White "Vidit, Santosh Gujrathi"]
[Black "Eljanov, Pavel"]
[Result "1-0"]
[WhiteTitle "GM"]
[BlackTitle "GM"]
[WhiteElo "2726"]
[BlackElo "2672"]
[WhiteTeam "Novy Bor"]
[BlackTeam "Greco-Notary Chess Team"]
[WhiteFideId "5029465"]
[BlackFideId "14102951"]
[EventDate "2021.03.29"]
[EventType "team"]

1. d4 Nf6 2. c4 e6 3. Nf3 b6 4. a3 Bb7 5. Bf4 d6 6. Nc3 Ne4 7. Nxe4 Bxe4 8. e3
Be7 9. Bd3 Bxd3 10. Qxd3 Nd7 11. O-O O-O 12. b4 a5 13. e4 axb4 14. axb4 Qc8 15.
h3 Qb7 16. Rab1 Rfd8 17. Qc2 Ra6 18. d5 e5 19. Be3 Qa7 20. Rfc1 h6 21. Ne1 Ra3
22. Nd3 Nf6 23. c5 bxc5 24. bxc5 Qa4 25. Qxa4 Rxa4 26. f3 Ra3 27. Rd1 dxc5 28.
Bxc5 Bd6 29. Bxa3 1-0

[Event "European Online CC PlayB"]
[Site "Tornelo INT"]
[Date "2021.03.29"]
[Round "3.2"]
[Board "3"]
[White "Kuzubov, Yuriy"]
[Black "Wojtaszek, Radoslaw"]
[Result "0-1"]
[WhiteTitle "GM"]
[BlackTitle "GM"]
[WhiteElo "2642"]
[BlackElo "2694"]
[WhiteTeam "Greco-Notary Chess Team"]
[BlackTeam "Novy Bor"]
[WhiteFideId "14112906"]
[BlackFideId "1118358"]
[EventDate "2021.03.29"]
[EventType "team"]

1. d4 Nf6 2. Nf3 d5 3. c4 e6 4. g3 Bb4+ 5. Bd2 Be7 6. Bg2 O-O 7. O-O Nbd7 8. Qc2
c6 9. Bf4 b6 10. cxd5 cxd5 11. Nc3 Bb7 12. Rfc1 Rc8 13. Qb3 a6 14. a4 Nh5 15.
Bd2 Nhf6 16. Bf4 Nh5 17. Be3 Nhf6 18. Ne5 Nxe5 19. dxe5 Nd7 20. Bd4 Nc5 21. Qd1
a5 22. e3 Ba6 23. Bf1 Bxf1 24. Kxf1 f6 25. exf6 Bxf6 26. Kg2 Qd7 27. f3 Qf7 28.
Nb5 Rc6 29. Ra3 e5 30. Bxc5 bxc5 31. Qe2 c4 32. Rd1 Rd8 33. f4 exf4 34. gxf4 Re6
35. Kf1 Be7 36. Raa1 Bc5 37. Nd4 Re4 38. Nc2 Rde8 39. Kg2 d4 40. Qf3 d3 41. Nd4
Rxe3 0-1

[Event "European Online CC PlayB"]
[Site "Tornelo INT"]
[Date "2021.03.29"]
[Round "3.2"]
[Board "4"]
[White "Sasikiran, Krishnan"]
[Black "Baklan, Vladimir"]
[Result "1-0"]
[WhiteTitle "GM"]
[BlackTitle "GM"]
[WhiteElo "2647"]
[BlackElo "2587"]
[WhiteTeam "Novy Bor"]
[BlackTeam "Greco-Notary Chess Team"]
[WhiteFideId "5004985"]
[BlackFideId "14102196"]
[EventDate "2021.03.29"]
[EventType "team"]

1. e4 c5 2. Nf3 Nc6 3. Bb5 g6 4. O-O Bg7 5. c3 Nf6 6. Re1 O-O 7. d4 Qb6 8. Bxc6
dxc6 9. h3 Rd8 10. Qc2 h6 11. Be3 cxd4 12. cxd4 Qa5 13. Nbd2 Be6 14. Ne5 Rac8
15. Nb3 Qa4 16. Rec1 Nd7 17. Nxd7 Bxd7 18. Nc5 Qxc2 19. Rxc2 b6 20. Nxd7 Rxd7
21. e5 g5 22. Rac1 c5 23. b4 f6 24. dxc5 bxc5 25. Rxc5 Rxc5 26. bxc5 fxe5 27. c6
Rc7 28. Bxa7 Kf7 29. Bb6 Rc8 30. c7 1-0

[Event "European Online CC PlayB"]
[Site "Tornelo INT"]
[Date "2021.03.29"]
[Round "3.3"]
[Board "2"]
[White "Lagarde, Maxime"]
[Black "Mammadzada, Gunay"]
[Result "0-1"]
[WhiteTitle "GM"]
[BlackTitle "IM"]
[WhiteElo "2640"]
[BlackElo "2443"]
[WhiteTeam "C'Chartres Echecs A"]
[BlackTeam "Tehsil Idman"]
[WhiteFideId "662399"]
[BlackFideId "13403729"]
[EventDate "2021.03.29"]
[EventType "team"]

1. e4 c5 2. Nc3 d6 3. Nf3 Nf6 4. d4 cxd4 5. Qxd4 a6 6. Bc4 Nc6 7. Qd3 e6 8. Bf4
Be7 9. O-O-O Ng4 10. Qe2 Qb6 11. h3 Nge5 12. Bb3 O-O 13. Be3 Qc7 14. Ng5 b5 15.
h4 Na5 16. Kb1 Nec4 17. Bd4 b4 18. Na4 Bd7 19. Bxg7 Kxg7 20. Qg4 Kh6 21. Nxh7
Ne5 22. Qe2 Kxh7 23. Rd3 Rg8 24. Qh5+ Kg7 25. Rg3+ Ng6 26. Qd1 Nxb3 27. h5 Nd2+
28. Qxd2 Rh8 29. Qxb4 Rab8 30. Qa3 Qa5 31. Rhh3 Rxh5 32. Qc3+ Qxc3 33. Nxc3 Rxh3
34. gxh3 Bf6 35. Nd1 Be5 36. Ra3 Bb5 37. b3 Nf4 38. Ne3 Ra8 39. c4 Bc6 40. f3
Bd4 41. Nc2 Bc5 42. b4 Bb6 43. h4 Ng6 44. h5 Nf4 45. Na1 Nxh5 46. Nb3 Nf4 47. c5
dxc5 48. bxc5 Bc7 49. Nd4 Bd7 50. Kc2 e5 51. Nb3 Ne6 52. Kc3 Bb5 53. Kb4 Rd8 54.
Kc3 Rd3+ 55. Kb4 Rxf3 56. c6 Bd6+ 57. Ka5 Bxa3 58. c7 Nxc7 59. Nc5 Bxc5 60. a4
Bxa4 61. Kxa4 f5 0-1

[Event "European Online CC PlayB"]
[Site "Tornelo INT"]
[Date "2021.03.29"]
[Round "3.3"]
[Board "3"]
[White "Shahaliyev, Ismayil"]
[Black "Maurizzi, Marc Andria"]
[Result "1-0"]
[WhiteTitle "IM"]
[BlackTitle "IM"]
[WhiteElo "2413"]
[BlackElo "2461"]
[WhiteTeam "Tehsil Idman"]
[BlackTeam "C'Chartres Echecs A"]
[WhiteFideId "13406388"]
[BlackFideId "36083534"]
[EventDate "2021.03.29"]
[EventType "team"]

1. e4 e5 2. Nf3 Nc6 3. Bb5 a6 4. Ba4 Nf6 5. d3 d6 6. c3 Bd7 7. Nbd2 g6 8. Nf1
Bg7 9. Ng3 O-O 10. O-O h6 11. h3 Qe8 12. Bb3 Nh7 13. Re1 Kh8 14. d4 Rd8 15. Bc2
Qe7 16. Be3 Ng5 17. Nh2 f5 18. exf5 gxf5 19. f4 exf4 20. Bxf4 Qf6 21. Qd3 Qg6
22. Nf3 Nxf3+ 23. Qxf3 Rde8 24. Rxe8 Rxe8 25. Rf1 Rf8 26. Nh5 Ne7 27. Nxg7 Qxg7
28. d5 Ng6 29. Be3 Ne5 30. Qh5 Rf6 31. Bxf5 Bb5 32. Rf4 Qg3 33. Bd2 Bd7 34. Bxd7
Rxf4 35. Qxh6+ Kg8 36. Qxf4 Qxf4 37. Bxf4 Nxd7 38. Be3 Kf8 39. Bd4 Kf7 40. Kf2
c5 41. dxc6 bxc6 42. Kf3 c5 43. Bf2 Ne5+ 44. Ke4 Ke6 45. b3 d5+ 46. Ke3 a5 47.
g4 c4 48. Kd4 Nd3 49. Be3 Ne5 50. bxc4 Nxc4 51. Bc1 a4 52. h4 Nd6 53. h5 Ne4 54.
c4 Nf6 55. cxd5+ Nxd5 56. g5 Nb4 57. a3 Nd5 58. Bd2 Ne7 59. Kc5 Nf5 60. Bf4 Kf7
61. Kb4 Ng7 62. h6 Ne6 63. Be3 1-0

[Event "European Online CC PlayB"]
[Site "Tornelo INT"]
[Date "2021.03.29"]
[Round "4.1"]
[Board "1"]
[White "Bluebaum, Matthias"]
[Black "Ivanchuk, Vasyl"]
[Result "1/2-1/2"]
[WhiteTitle "GM"]
[BlackTitle "GM"]
[WhiteElo "2670"]
[BlackElo "2678"]
[WhiteTeam "SF Deizisau e.V."]
[BlackTeam "C'Chartres Echecs A"]
[WhiteFideId "24651516"]
[BlackFideId "14100010"]
[EventDate "2021.03.29"]
[EventType "team"]

1. d4 Nf6 2. Nf3 e6 3. e3 b6 4. Bd3 Bb7 5. O-O d5 6. b3 Nbd7 7. Bb2 g6 8. c4 Bg7
9. Nc3 c5 10. cxd5 Nxd5 11. Nxd5 Bxd5 12. e4 Bb7 13. Qe2 O-O 14. Rfd1 Qe7 15.
Ba6 Bxa6 16. Qxa6 cxd4 17. Nxd4 Nc5 18. Qe2 Qb7 19. f3 a6 20. Rac1 Rac8 21. Qe3
Nd7 22. Bc3 Rc7 23. Ne2 Rfc8 24. Bxg7 Rxc1 25. Rxc1 Kxg7 26. Rxc8 Qxc8 27. Qc3+
Qxc3 28. Nxc3 Kf6 29. Kf2 Ke7 30. Ke3 Kd6 31. Kd4 f6 32. b4 1/2-1/2

[Event "European Online CC PlayB"]
[Site "Tornelo INT"]
[Date "2021.03.29"]
[Round "4.1"]
[Board "2"]
[White "Lagarde, Maxime"]
[Black "Donchenko, Alexander"]
[Result "0-1"]
[WhiteTitle "GM"]
[BlackTitle "GM"]
[WhiteElo "2640"]
[BlackElo "2659"]
[WhiteTeam "C'Chartres Echecs A"]
[BlackTeam "SF Deizisau e.V."]
[WhiteFideId "662399"]
[BlackFideId "24603295"]
[EventDate "2021.03.29"]
[EventType "team"]

1. e4 c6 2. d4 d5 3. Nc3 dxe4 4. Nxe4 Bf5 5. Ng3 Bg6 6. h4 h6 7. Nh3 Nf6 8. Nf4
Bh7 9. Bc4 e6 10. O-O Bd6 11. Re1 O-O 12. Bb3 Qc7 13. Ngh5 Nbd7 14. Qf3 Bf5 15.
Nxf6+ Nxf6 16. Nh5 Nxh5 17. Qxh5 c5 18. dxc5 Bxc5 19. Be3 Bxe3 20. Rxe3 Rad8 21.
Rd1 Rxd1+ 22. Qxd1 Rd8 23. Qe2 Rd4 24. g3 Qd7 25. Rc3 Be4 26. Kh2 b6 27. Rc4
Rxc4 28. Bxc4 Bb7 29. f4 Qc6 30. Qf1 Qe4 31. Bd3 Qe3 32. b3 Bf3 33. a4 g6 34.
Bc4 Be4 35. Qe2 Qxe2+ 36. Bxe2 Bxc2 37. Bc4 Kf8 38. Kg1 Ke7 39. Kf2 Kd6 40. Ke3
Kc5 41. Kd2 Be4 42. Kc3 a5 43. g4 Bd5 44. Bd3 Kd6 45. b4 e5 46. bxa5 bxa5 47. f5
g5 48. hxg5 hxg5 49. Be2 f6 50. Bd1 Kc5 51. Be2 Be4 52. Bd1 Bc6 0-1

[Event "European Online CC PlayB"]
[Site "Tornelo INT"]
[Date "2021.03.29"]
[Round "4.1"]
[Board "3"]
[White "Heimann, Andreas"]
[Black "Medvegy, Zoltan"]
[Result "1/2-1/2"]
[WhiteTitle "GM"]
[BlackTitle "GM"]
[WhiteElo "2606"]
[BlackElo "2527"]
[WhiteTeam "SF Deizisau e.V."]
[BlackTeam "C'Chartres Echecs A"]
[WhiteFideId "24624632"]
[BlackFideId "708402"]
[EventDate "2021.03.29"]
[EventType "team"]

1. e4 e6 2. d4 d5 3. Nc3 dxe4 4. Nxe4 Bd7 5. Nf3 Bc6 6. Bd3 Nd7 7. O-O Ngf6 8.
Ng3 Be7 9. c3 O-O 10. Re1 Re8 11. h3 a5 12. a4 Bf8 13. Bf4 Bxf3 14. Qxf3 c6 15.
Re2 Qb6 16. Rae1 g6 17. h4 h5 18. Ne4 Nxe4 19. Bxe4 Nf6 20. Bb1 Bg7 21. Bg5 Nh7
22. Be3 Qb3 23. Bc2 Qd5 24. Be4 Qc4 25. Bc2 Qd5 26. Qxd5 cxd5 27. f3 Nf6 28. Bd3
Rec8 29. Kh2 Bf8 30. Kh3 Bd6 31. Bd2 Kg7 32. g3 Rc7 33. Kg2 Rcc8 34. Kf2 Rc7 35.
Bg5 Nh7 36. Bd2 Nf6 37. Rg1 Rh8 38. Ree1 b6 39. Rc1 Rhc8 40. Rge1 Kg8 41. Rc2
Kg7 42. Rec1 Kg8 43. Bg5 Kg7 44. Be3 Kg8 45. Rg1 Kg7 46. Rcc1 Rb8 47. Rcf1 Rh8
48. Ke2 Rc6 49. Rg2 Rc7 50. Kd2 Ng8 51. Rh1 Nf6 52. Ke2 Rcc8 53. Kf2 Rc7 54.
Rgg1 Rc6 55. Rc1 Rc7 56. Rc2 Rhc8 57. Bg5 Nh7 58. Bc1 Nf6 59. Re2 Rh8 60. Rhe1
Rhc8 61. Bd2 Rb8 62. Bg5 Nh7 63. Bd2 Nf6 64. Rb1 Ra8 65. Ree1 Ne8 66. Rec1 Nf6
67. Re1 Ne8 68. Ra1 Nf6 69. Reb1 Ne8 70. b4 Be7 71. bxa5 bxa5 72. Rb3 Nd6 73.
Rab1 Raa7 74. Bf4 Rc6 75. Be2 Nc4 76. Rb7 Rxb7 77. Rxb7 Bd6 78. Bxc4 Bxf4 79.
Bb5 Rc7 80. Rxc7 Bxc7 81. f4 Bd6 82. c4 dxc4 83. Bxc4 Kf6 84. Kf3 Bb4 85. d5 e5
86. fxe5+ Kxe5 87. d6 Bxd6 88. Bxf7 Kf6 89. Bc4 1/2-1/2

[Event "European Online CC PlayB"]
[Site "Tornelo INT"]
[Date "2021.03.29"]
[Round "4.1"]
[Board "4"]
[White "Guliyev, Namig"]
[Black "Kollars, Dmitrij"]
[Result "0-1"]
[WhiteTitle "GM"]
[BlackTitle "GM"]
[WhiteElo "2538"]
[BlackElo "2598"]
[WhiteTeam "C'Chartres Echecs A"]
[BlackTeam "SF Deizisau e.V."]
[WhiteFideId "13400363"]
[BlackFideId "12909572"]
[EventDate "2021.03.29"]
[EventType "team"]

1. e4 e5 2. Nf3 Nc6 3. Bb5 a6 4. Ba4 Nf6 5. O-O Bc5 6. c3 b5 7. Bc2 d5 8. Nxe5
Nxe5 9. d4 dxe4 10. dxc5 Nd3 11. Bxd3 Qxd3 12. Bg5 Bf5 13. Bxf6 gxf6 14. Qxd3
exd3 15. Nd2 O-O-O 16. Rfe1 Rhe8 17. Re3 Re5 18. b4 a5 19. a3 Kb7 20. h3 Ra8 21.
Rae1 axb4 22. axb4 Ra2 23. Nf3 Rxe3 24. fxe3 Be4 25. Rd1 Re2 26. Kf1 f5 27. Ne1
Rxe3 28. Kf2 f4 29. Rd2 Kc6 30. h4 h5 31. Nf3 Bxf3 32. gxf3 Kd5 33. Ra2 Kc4 34.
Ra7 d2 0-1

[Event "European Online CC PlayB"]
[Site "Tornelo INT"]
[Date "2021.03.29"]
[Round "4.2"]
[Board "1"]
[White "Vidit, Santosh Gujrathi"]
[Black "Muradli, Mahammad"]
[Result "1/2-1/2"]
[WhiteTitle "GM"]
[BlackTitle "IM"]
[WhiteElo "2726"]
[BlackElo "2449"]
[WhiteTeam "Novy Bor"]
[BlackTeam "Tehsil Idman"]
[WhiteFideId "5029465"]
[BlackFideId "13409301"]
[EventDate "2021.03.29"]
[EventType "team"]

1. Nf3 g6 2. d4 Bg7 3. c4 d6 4. Nc3 Nd7 5. e4 e5 6. Be2 Ne7 7. O-O O-O 8. Be3 c5
9. dxc5 dxc5 10. Nd5 Nc6 11. Bg5 f6 12. Bd2 Rf7 13. Be3 b6 14. Qa4 Bb7 15. Rfd1
Nd4 16. Bxd4 cxd4 17. b4 f5 18. Bd3 a5 19. Qc2 Rc8 20. Qb1 Bxd5 21. cxd5 fxe4
22. Bxe4 axb4 23. d6 Rf8 24. Qxb4 Nc5 25. Qc4+ Kh8 26. Qd5 Nxe4 27. Qxe4 Qxd6
28. Rac1 Qa3 29. Rxc8 Rxc8 30. Nxe5 Qxa2 31. Qxd4 Qe2 32. f4 Re8 33. Qd7 Rf8 34.
Qd3 Qb2 35. Rb1 Qa2 36. g3 Bxe5 37. fxe5 Qf2+ 38. Kh1 Kg7 39. Qe4 Qc5 40. e6 Re8
41. Rf1 Qd6 42. Rf7+ Kg8 43. Rf6 Kg7 44. Rf7+ Kg8 45. Rf6 Kg7 46. Rf7+ 1/2-1/2

[Event "European Online CC PlayB"]
[Site "Tornelo INT"]
[Date "2021.03.29"]
[Round "4.2"]
[Board "2"]
[White "Mammadzada, Gunay"]
[Black "Wojtaszek, Radoslaw"]
[Result "0-1"]
[WhiteTitle "IM"]
[BlackTitle "GM"]
[WhiteElo "2443"]
[BlackElo "2694"]
[WhiteTeam "Tehsil Idman"]
[BlackTeam "Novy Bor"]
[WhiteFideId "13403729"]
[BlackFideId "1118358"]
[EventDate "2021.03.29"]
[EventType "team"]

1. e4 c5 2. Nf3 d6 3. d4 cxd4 4. Nxd4 Nf6 5. Nc3 a6 6. Be3 e5 7. Nb3 Be7 8. Qd2
Be6 9. O-O-O Nbd7 10. f4 b5 11. Kb1 Qc7 12. a3 Nb6 13. f5 Bd7 14. Bxb6 Qxb6 15.
g4 h6 16. h4 a5 17. g5 hxg5 18. Bxb5 Bxb5 19. hxg5 Nh5 20. Nd5 Qd8 21. f6 gxf6
22. Qc3 fxg5 23. Nc7+ Kf8 24. Nxa8 Qxa8 25. Qf3 Kg8 26. Rxh5 Rxh5 27. Qxh5 Qxe4
28. Rh1 Bf6 29. Qh6 Bg7 30. Qh3 g4 31. Qh4 Bf6 32. Qh2 Qf4 33. Qg2 e4 34. Rg1
Bd7 35. Rf1 Qe5 36. c3 d5 37. Nd4 e3 38. Re1 Qe4+ 39. Qxe4 dxe4 40. Ne2 Bg5 41.
c4 f5 42. Rf1 f4 43. Kc2 f3 44. Ng3 Bf4 45. Nh5 Be5 46. b4 e2 0-1

[Event "European Online CC PlayB"]
[Site "Tornelo INT"]
[Date "2021.03.29"]
[Round "4.2"]
[Board "3"]
[White "Navara, David"]
[Black "Shahaliyev, Ismayil"]
[Result "1-0"]
[WhiteTitle "GM"]
[BlackTitle "IM"]
[WhiteElo "2697"]
[BlackElo "2413"]
[WhiteTeam "Novy Bor"]
[BlackTeam "Tehsil Idman"]
[WhiteFideId "309095"]
[BlackFideId "13406388"]
[EventDate "2021.03.29"]
[EventType "team"]

1. d4 Nf6 2. c4 e6 3. Nc3 Bb4 4. e3 O-O 5. Bd3 c5 6. Nf3 d5 7. cxd5 exd5 8. dxc5
Nc6 9. O-O Bxc5 10. h3 a6 11. Ne2 Ne4 12. b3 Qf6 13. Rb1 Bf5 14. Bb2 Qh6 15.
Nfd4 Bd7 16. Nxc6 Bxc6 17. Nd4 Bd7 18. Qc2 Rac8 19. Bxe4 Bxd4 20. Bxh7+ Kh8 21.
Bxd4 Rxc2 22. Bxc2 Rc8 23. Rbc1 Qg5 24. Kh2 Bf5 25. f4 Qg6 26. Bxf5 Qxf5 27. a4
b5 28. axb5 axb5 29. Ra1 Rc2 30. Rf3 Rc7 31. Ra8+ Kh7 32. Rb8 Qd3 33. f5 Re7 34.
f6 gxf6 35. Rxf6 Qxb3 36. Rh8+ Kg7 37. Rfh6+ f6 38. Bxf6+ Kf7 39. R8h7+ 1-0

[Event "European Online CC PlayB"]
[Site "Tornelo INT"]
[Date "2021.03.29"]
[Round "4.2"]
[Board "4"]
[White "Bashirli, Nail"]
[Black "Ragger, Markus"]
[Result "1/2-1/2"]
[WhiteTitle "IM"]
[BlackTitle "GM"]
[WhiteElo "2382"]
[BlackElo "2680"]
[WhiteTeam "Tehsil Idman"]
[BlackTeam "Novy Bor"]
[WhiteFideId "13406809"]
[BlackFideId "1610856"]
[EventDate "2021.03.29"]
[EventType "team"]

1. e4 e5 2. Nf3 Nc6 3. Nc3 Nf6 4. Bb5 Nd4 5. Nxd4 exd4 6. e5 dxc3 7. exf6 Qxf6
8. dxc3 Bc5 9. O-O O-O 10. Bxd7 Bxd7 11. Qxd7 Rae8 12. Qd3 Re5 13. Be3 Bxe3 14.
fxe3 Qe6 15. Rad1 Rxe3 16. Qd5 Qxd5 17. Rxd5 Re2 18. Rf2 Re1+ 19. Rf1 Re7 20.
Rfd1 f6 21. a4 Kf7 22. a5 Rfe8 23. R1d2 Re2 24. Rd7+ R8e7 25. Rxe7+ Rxe7 26. Kf2
Ke8 27. c4 Re5 28. Rd5 Re4 29. b3 a6 30. Rc5 c6 31. Rh5 h6 32. Rh3 Ke7 33. Rg3
Kf7 34. Rd3 Ke7 35. Rg3 Kf7 36. Rd3 Ke7 37. Rg3 1/2-1/2

[Event "European Online CC PlayB"]
[Site "Tornelo INT"]
[Date "2021.03.29"]
[Round "4.3"]
[Board "1"]
[White "Mamedyarov, Shakhriyar"]
[Black "Kryvoruchko, Yuriy"]
[Result "1-0"]
[WhiteTitle "GM"]
[BlackTitle "GM"]
[WhiteElo "2770"]
[BlackElo "2699"]
[WhiteTeam "Odlar Yurdu"]
[BlackTeam "Greco-Notary Chess Team"]
[WhiteFideId "13401319"]
[BlackFideId "14109182"]
[EventDate "2021.03.29"]
[EventType "team"]

1. e4 e5 2. Nc3 Nf6 3. d4 exd4 4. Qxd4 Nc6 5. Qd3 Bb4 6. Bd2 O-O 7. O-O-O Re8 8.
Nge2 d6 9. Bg5 h6 10. Bxf6 Qxf6 11. Nd5 Qd8 12. Nxb4 Nxb4 13. Qd2 Nc6 14. Nc3 a6
15. f3 b5 16. Kb1 Be6 17. h4 Ne5 18. b3 b4 19. Nd5 a5 20. Ne3 Qf6 21. Bb5 c6 22.
Ba4 Red8 23. Rhf1 Qf4 24. Qe1 Bd7 25. g3 Qf6 26. f4 Ng4 27. e5 dxe5 28. Rxd7
Rxd7 29. Nxg4 Qd8 30. Bxc6 1-0